ბათუმის შოთა რუსთაველის სახელმწიფო უნივერსიტეტის ბიბლიოთეკა

სისხლის სამართლის ზოგადი ნაწილი = Strafrecht Allgemeiner Teil : (ბიბ.ჩანაწერი № 49399)

000 -ლიდერი
ფიქსირებული სიგრძის საკონტროლო ველი 01859nam a2200313Ia 4500
001 - საკონტროლო ნომერი
საკონტროლო ველი 16319
003 - საკონტროლო ნომრის იდენტიფიკატორი
საკონტროლო ველი GE_BSU
005 - ბოლო ოპერაციის თარიღი და დრო
საკონტროლო ველი 20211221114715.0
008 - ფიქსირებული სიგრძის მონაცემთა ელემენტები - ზოგადი ინფორმაცია
ფიქსირებული სიგრძის საკონტროლო ველი 181216s2010||||ge |||||||||||||| ||geo||
020 ## - წიგნის საერთაშორისო სტანდარტული ნომერი
International Standard Book Number 9789941131882
040 ## - კატალოგიზაციის წყარო
Transcribing agency GE_BSU
041 ## - ენის კოდი
Language code of text/sound track or separate title geo
080 ## - უნივერსალური ათობითი კლასიფიკაციის ინდექსი
Universal Decimal Classification number 343(075.8) ვ-41
100 ## - მთავარი ჩანაწერი - პიროვნების სახელი
Personal name ვესელსი, იოჰანეს
9 (RLIN) 13317
245 ## - ცნობა სათაურის შესახებ
Remainder of title დანაშაული და მისი აგებულება /
Title სისხლის სამართლის ზოგადი ნაწილი = Strafrecht Allgemeiner Teil :
Statement of responsibility, etc დაფუძნებულია იოჰანეს ვესელსის მიერ, გაგრძელებულია ვერნერ ბოილკეს მიერ ; მთარგმნ. ზურაბ არსენიშვილი ; ქართ. გამოც. სამეცნ. რედ. ირაკლი დვალიძე.
264 ## - წარმოების, გამოცემის, დისტრიბუციის და სხვა ცნობები
გამოცემის, წარმოების, დისტრიბუციის... ადგილი თბილისი :
გამოცემის, წარმოების, დისტრიბუციის... სახელწოდება უნ-ტის გამ-ბა,
გამოცემის, წარმოების, დისტრიბუციის... თარიღი 2010.
300 ## - ფიზიკური აღწერა
Extent 607 გვ. ;
Other physical details 24 სმ.
500 ## - ზოგადი შენიშვნა
General note პარალ. თავფურ. გერმ.
501 ## - შენიშვნა თანმხლებ მასალაზე
With note ანბ.-საგნ. საძიებელი: გვ. 571-606.
504 ## - BIBLIOGRAPHY, ETC. NOTE
Bibliography, etc ბიბლიოგრ. ტექსტის შენიშვნ.
520 ## - SUMMARY, ETC.
Summary, etc დაფუძნებულია იოჰანეს ვესელსის მიერ
653 ## - INDEX TERM--UNCONTROLLED
Uncontrolled term სამართალი
653 ## - INDEX TERM--UNCONTROLLED
Uncontrolled term სისხლის სამართალი
700 ## - ADDED ENTRY--PERSONAL NAME
Personal name ბოილკე, ვერნერ
Relator term ავტორი
9 (RLIN) 13318
700 ## - ADDED ENTRY--PERSONAL NAME
Personal name არსენიშვილი, ზურაბ
Relator term მთარგმნელი
9 (RLIN) 13319
700 ## - ADDED ENTRY--PERSONAL NAME
Personal name დვალიძე, ირაკლი
Relator term რედაქტორი
9 (RLIN) 6351
942 ## - ADDED ENTRY ELEMENTS (KOHA)
Koha item type წიგნი
Source of classification or shelving scheme
ეგზემპლარები
ჩამოწერის სტატუსი დაკარგული ეგზემპლარის სტატუსი კლასიფიკაციის წყარო ან თაროზე გაწყობის სქემა დაზიანების სტატუსი არ გაიცემა მუდმივი მდებარეობა (დაცვის ადგილი) ამჟამინდელი ადგილსამყოფელი თაროზე განთავსების ადგილი შეძენის თარიღი ღირებულება, შესყიდვის ნორმალური ფასი სრული შენახვის შიფრი შტრიხკოდი ბოლო ოპერაციის თარიღი ეგზემპლარის მიმდევრობითი ნომერი (კეტერი?) ფასის ძალაში შესვლის თარიღი ეგზემპლარის სახეობა საჯარო შენიშვნა
          ბათუმის შოთა რუსთაველის სახელმწიფო უნივერსიტეტის მთავარი ბიბლიოთეკა ბათუმის შოთა რუსთაველის სახელმწიფო უნივერსიტეტის მთავარი ბიბლიოთეკა წიგნსაცავი 2018-12-17 33.00 343(075.8) ვ-41 40579 2018-12-17 40579 2018-12-17 წიგნი 33 ლ.
          ბათუმის შოთა რუსთაველის სახელმწიფო უნივერსიტეტის მთავარი ბიბლიოთეკა ბათუმის შოთა რუსთაველის სახელმწიფო უნივერსიტეტის მთავარი ბიბლიოთეკა წიგნსაცავი 2018-12-17 33.00 343(075.8) ვ-41 40580 2018-12-17 40580 2018-12-17 წიგნი 33 ლ.